[Event "Quebec-ch U19 Girls"]
[Site "Montreal"]
[Date "2017.02.12"]
[Round "5.2"]
[White "Ouellet, Maili Jade"]
[Black "Sirois, Gabrielle"]
[Result "1-0"]
[WhiteElo "2142"]
[BlackElo "458"]
[PlyCount "35"]
[EventDate "2017.02.10"]
[EventType "swiss"]
[EventRounds "5"]
[EventCountry "CAN"]
[SourceTitle "EXT 2022"]
[Source "ChessBase"]
[SourceDate "2021.10.06"]
[SourceVersion "1"]
[SourceVersionDate "2021.10.06"]
[SourceQuality "1"]
[WhiteTeam "Canada"]
[BlackTeam "Canada"]
[WhiteTeamCountry "CAN"]
[BlackTeamCountry "CAN"]

1. d4 d5 2. c4 dxc4 3. e4 Nf6 4. Nc3 Nc6 5. Nf3 g6 6. Bxc4 Bg4 7. e5 Qd7 8. exf6 exf6 9. d5 Ne5 10. Nxe5 Qf5 11. Nxg4 0-0-0 12. 0-0 c6 13. Bd3 Qh5 14. dxc6 Bd6 15. cxb7+ Kxb7 16. Qb3+ Ka8 17. Be4+ Qd5 18. Bxd5# 1-0